| 000 | 00713nam a22001937i 4500 | ||
|---|---|---|---|
| 999 |
_c23449 _d23449 |
||
| 003 | AR-CdUCM | ||
| 008 | 260116b20242024 ag||||| |||| 00| 0 spa d | ||
| 020 | _a978-987-47270-1-5 | ||
| 040 |
_aMUNICIPALIDAD PROVINCIAL DEL CUSCO _cBIBLIOTECA MUNICIPAL DEL CUSCO |
||
| 041 | _hspa | ||
| 082 |
_aES / 912 / _bC29 |
||
| 100 |
_aCaballeda, Juan Manuel _952010 |
||
| 245 | _aBreve atlas anecdótico de la ciencia / | ||
| 260 |
_aBuenos Aires-Argentina : _bArtes Graficas del Sur-impresor _c2024 |
||
| 300 |
_a138 páginas. : _c20x15 cm. |
||
| 505 | _aLos suicidados -- Una mesa en la nieve -- Oveja oveja -- Los miasmas -- El paciente o -- Una pluma y un martillo | ||
| 942 |
_2ddc _cLIBROS |
||
| 945 |
_apbjr _d16-01-2026 |
||